| 000 | 00627nam a22001457a 4500 | ||
|---|---|---|---|
| 003 | OSt | ||
| 005 | 20250808114321.0 | ||
| 008 | 230919b |||||||| |||| 00| 0 eng d | ||
| 040 | _cCO-JMCR | ||
| 082 | 0 | 4 |
_aC _bHERp |
| 100 | 1 | 0 |
_aPanamericana, _eautor _942915 |
| 245 |
_aSi yo fuera ... : _b héroe de cuentos / |
||
| 520 | _a¿Te imaginas ser el personaje principal de tus cuentos favoritos? con "Si yo fuera... héroe de cuentos" puede ser un caballero medieval que recorre el mundo salvando princesas, o un mago que sabe mucho de hechizos y helados, o un pirata que surca los mares en busca de un tesoro... | ||
| 942 |
_2ddc _cBK |
||
| 999 |
_c30252 _d16636 |
||